| 000 | 00552nam a2200157Ia 4500 | ||
|---|---|---|---|
| 008 | 230907s9999||||xx |||||||||||||| ||und|| | ||
| 082 |
_a620 _bJAN |
||
| 100 |
_aJannat Ul Ain Binte Wasif Ali (00000319634) _9116665 |
||
| 245 | 0 | _aSmart Energy Management in Virtual Power Plant Paradigm with a New Improved Multi-Level Optimization Based Approach / | |
| 260 |
_aUSPCAS-E, NUST, _bIslamabad : _c2022 |
||
| 300 | _axiii, 64 p. | ||
| 520 | _aTH-335 | ||
| 650 | _aMS-EEP Thesis MS Thesis | ||
| 700 |
_aDr Syed Ali Abbas Kazmi _9117439 |
||
| 942 |
_cTHE _2ddc |
||
| 999 |
_c602013 _d602013 |
||